| 000 | 00943nam a2200241 i 4500 | ||
|---|---|---|---|
| 001 | 109595 | ||
| 003 | ES-MaACL | ||
| 005 | 20250822153248.0 | ||
| 007 | t| | ||
| 008 | 061121s1960 sp r ||||1| spa d | ||
| 245 | 0 | 3 |
_aEl mundo en que vivimos / _cpor el cuerpo de redacción de Life y Lincoln Barnett ; realizada bajo la dirección general de Jerome S. Hardy ; prólogo de José Mª Millás Vallicrosa ; versión española de Juan Godó Costa. |
| 250 | _a1ª. ed. | ||
| 260 |
_aBarcelona : _bLuis Miracle, _c1960. |
||
| 300 |
_a298 p., 6 lám : _bil. ; _c36 cm. |
||
| 594 | _aPrecede al tít.: Libros de Time-Life. | ||
| 650 | 0 | 7 |
_aCiencias naturales _2embne _910984 |
| 700 | 1 |
_aMillás Vallicrosa, José María, _d1888-1970 _981191 |
|
| 700 | 1 |
_aBarnett, Lincoln. _925731 |
|
| 700 | 1 |
_aHardy, Jerome S. _9166732 |
|
| 700 | 1 |
_aGodo Costa, Juan. _957532 |
|
| 852 |
_aES-MaACL _jF-15978 _bR.47129 |
||
| 999 |
_c109595 _d109595 |
||